| 000 | 00668nam a2200181 4500 | ||
|---|---|---|---|
| 001 | 108293 | ||
| 003 | ES-MaACL | ||
| 007 | t| | ||
| 008 | 061121s1955 sp r ||||1| spa d | ||
| 100 | 1 |
_aMolloy, E. _982058 |
|
| 245 | 1 | 0 |
_aTaladro y rectificado _b: precedido de una sección acerca del micrómetro preparado por un cuerpo de expertos / _cbajo la dirección de E. Molloy; traducción del inglés por Carlos Riedel; revisión por A. Muñoz. |
| 250 | _a1ª. ed. | ||
| 260 |
_aBarcelona : _bDalmau y Jover, _c1955. |
||
| 300 |
_a115 p. : _bil. ; _c23 cm. |
||
| 700 | 1 |
_aRiedel, Carlos. _997075 |
|
| 700 | 1 |
_aMuñoz, A. _984286 |
|
| 852 |
_aES-MaACL _jC-9518 _bR.37730 |
||
| 999 |
_c108293 _d108293 |
||